Malvinas, mi casa : vísperas, diario de María Sáez de Vernet y apostillas /
Este libro es el diario de una mujer escrito en 1829 en las Islas Malvinas. Dentro del largo período que va desde 1421 a 1833, entre los relatos de descubridores, postulanos, aventureros, crónicas de viajes y colonos.
Guardado en:
| Autor Principal: | |
|---|---|
| Otros Autores: | |
| Formato: | Libro |
| Idioma: | Undetermined |
| Publicado: |
La Plata :
Estructura Mental a las Estrellas,
2022.
|
| Edición: | 3a ed. |
| Series: | Plan de operación
|
| Materias: | |
| Etiquetas: |
Agregar Etiqueta
Sin Etiquetas, Sea el primero en etiquetar este registro!
|
| LEADER | 01516nam a22002895a 4500 | ||
|---|---|---|---|
| 001 | CEM.cems019916 | ||
| 008 | 230321s2022####ag############000#0#und#d | ||
| 005 | 20240304084033.0 | ||
| 245 | 1 | 0 | |a Malvinas, mi casa : |b vísperas, diario de María Sáez de Vernet y apostillas / |c Marcelo Luis Vernet ; ilustrado por Rafael Landea. |
| 250 | |a 3a ed. | ||
| 260 | |a La Plata : |b Estructura Mental a las Estrellas, |c 2022. | ||
| 300 | |a 536 p. | ||
| 490 | 1 | |a Plan de operación | |
| 505 | 0 | |a Conopus -- La tierra que yo llamo -- Última Thule -- Iam redit et Virgo -- Caballadas sobre el mar -- Llegando a las casas -- El piano de la casa -- Paseando en familia -- Colonos -- Nació un mulatito -- Los trabajos y los días -- Visitas -- El almacén -- De fiesta -- Desde la cocina -- El jardín -- Pájaros, bichos y plantas -- El amor, como en todas partes -- Meteorológicas -- Miss Nims -- Último día | |
| 520 | |a Este libro es el diario de una mujer escrito en 1829 en las Islas Malvinas. Dentro del largo período que va desde 1421 a 1833, entre los relatos de descubridores, postulanos, aventureros, crónicas de viajes y colonos. | ||
| 020 | |a 97898748525038 | ||
| 100 | 1 | |a Vernet, Marcelo Luis. | |
| 700 | 1 | |a Landea, Rafael; il. | |
| 653 | |a Historia | ||
| 653 | |a Historia Argentina | ||
| 653 | |a Malvinas | ||
| 653 | |a Ensayo | ||
| 653 | |a Guerra de Malvinas | ||
| 653 | |a Diario | ||
| 653 | |a Relatos | ||
| 653 | |a Colección Malvinas nos une | ||
| 859 | |a CEMS |b BIB. CEMS - Agricultura |h 982.064 |i V595 |p A3474.23 |t CEMS | ||
